| 000 | 00638nam a2200229Ia 4500 | ||
|---|---|---|---|
| 005 | 20250508165149.0 | ||
| 008 | 008 250505s9999 xx 000 0 eng d | ||
| 020 | _a81-219-0074-3 | ||
| 037 | _aTextual | ||
| 040 |
_aFEDL _beng _cFEDL |
||
| 041 |
_aeng _2eng |
||
| 084 |
_a546, HUH _qFEDL |
||
| 100 |
_aHuheey James E and others _9780045 |
||
| 245 | 0 | _aInorganic chemistry : Principles of structure and reactivity | |
| 250 | _a4 | ||
| 260 |
_aDelhi, India _bAddison Wesley Longman _c2001 |
||
| 300 | _axvii,964p. | ||
| 365 |
_aINR _b425 |
||
| 546 | _aRSPEE | ||
| 942 |
_cTEXL _h546, HUH |
||
| 999 |
_c1393526 _d1393526 |
||